Ku správe o rozvoji ľudstva 1991
Saved in:
| Main Author: | |
|---|---|
| Other Authors: | |
| Format: | Book |
| Language: | Slovak |
| Published: |
Bratislava
Výskumný ústav práce a sociálnych vecí
1992
|
| Subjects: | |
| Tags: |
No Tags, Be the first to tag this record!
|
MARC
| LEADER | 00000nam a2200000 4500 | ||
|---|---|---|---|
| 001 | c109774 | ||
| 005 | 20221123101731.5 | ||
| 020 | |a 80-7138-061-X | ||
| 041 | 0 | |a slo | |
| 044 | |a SK | ||
| 245 | 1 | 0 | |a Ku správe o rozvoji ľudstva 1991 |c Ondrej Herec, Mária Kapustová |
| 264 | 1 | |a Bratislava |b Výskumný ústav práce a sociálnych vecí |c 1992 | |
| 300 | |a 26 s. | ||
| 610 | 2 | 0 | |a obyvateľstvo |
| 610 | 2 | 0 | |a zamestnanosť |
| 610 | 2 | 0 | |a demografia |
| 610 | 2 | 0 | |a zdravotníctvo |
| 610 | 2 | 0 | |a vzdelávanie |
| 610 | 2 | 0 | |a vojenstvo |
| 610 | 2 | 0 | |a indexy |
| 610 | 2 | 0 | |a muži |
| 610 | 2 | 0 | |a ženy |
| 610 | 2 | 0 | |a rozvoj sociálny |
| 610 | 2 | 0 | |a vývoj populačný |
| 610 | 2 | 0 | |a rozvoj sociálno-ekonomický |
| 100 | 1 | |a Herec, Ondrej | |
| 700 | 1 | |a Kapustová, Mária | |